000 00601nam a2200205Ii 4500
003 JO-AjNU
008 230606s9999||||xx |||||||||||||| ||und||
020 _a81-89632-19-1/978-81-89632-19-9
040 _aJO-AjNU
_beng
_erda
_cJO-AjNU
041 _aeng
050 1 4 _aHD9715.2007
100 3 _aFinklestein,ron,
_eauthor
_91469
245 0 0 _a49 Marketing Secrets (THAT WORK) to Grow Sales
264 3 1 _aNew Delhi:Maverick Business,2008
300 _a298p
336 _atext
_btxt
_2rdacontent
337 _aunmediated
_bn
_2rdamedia
338 _avolume
_bnc
_2rdacarrier
650 4 _a Marketing
_91470
999 _aE774
_c774
_d774